000 00268nam a2200109Ia 4500
008 180430s9999 xx 000 0 und d
020 _a446601241
100 _aPatterson, James
245 _aKiss the girl /
260 _aUSA:
_bWarner books
_c1995
300 _a458 pages
999 _c356383
_d356383